En torno al poema del Cid

Bewaard in:
Bibliografische gegevens
Formaat: Boek
Taal:Spaans
Gepubliceerd in: Barcelona E.D.H.A.S.A 1964
Editie:2a. ed
Reeks:Colección El Puente
Onderwerpen:
Tags: Voeg label toe
Geen labels, Wees de eerste die dit record labelt!

MARC

LEADER 00000nam a2200000 a 4500
001 UCQ5312
003 CL-VaPUC
005 20220427074636.0
008 980925e19640000SP |||||||||||||||||spa|d
999 |c 275526  |d 275524 
040 |c Pontificia Universidad Católica de Valparaíso 
082 0 4 |a 861.09  |b MEN  |2 21 
245 1 0 |a En torno al poema del Cid 
250 |a 2a. ed 
260 |a Barcelona  |b E.D.H.A.S.A  |c 1964 
300 |a 222 p 
490 0 |a Colección El Puente 
583 |a last modification  |c 19980925 00:00:00  |k Rodrigo Vera 
650 0 |a Poesía española  |9 264938 
650 0 |a Literatura española  |9 306261 
650 0 |a Crítica e interpretación   |9 255042 
942 |c BK  |2 ddc 
945 |d 19980925 00:00:00  |a crobeson 
952 |0 0  |1 0  |4 0  |6 861_090000000000000_MEN_1964  |7 0  |8 A  |9 312289  |a BIBEDU  |b BIBEDU  |d 2019-11-20  |i 1470302  |o 861.09 MEN 1964  |p 1470302  |r 2019-11-20  |w 2019-11-20  |y BK  |k LIT 
952 |0 0  |1 0  |4 0  |6 861_090000000000000_MEN_1964  |7 0  |8 A  |9 312290  |a BIBEDU  |b BIBEDU  |d 2019-11-20  |i 1470310  |o 861.09 MEN 1964  |p 1470310  |r 2019-11-20  |w 2019-11-20  |y BK  |k LIT 
952 |0 0  |1 0  |4 0  |6 861_090000000000000_MEN_1964  |7 0  |8 A  |9 312291  |a BIBEDU  |b BIBEDU  |d 2019-11-20  |i 1474537  |o 861.09 MEN 1964  |p 1474537  |r 2019-11-20  |w 2019-11-20  |y BK  |k LIT